Any Country per Letter A-Z - One Minute Sprint - Statistics

General Stats
  • This quiz has been taken 804 times
  • The average score is 21 of 24
Answer Stats
Answer % Correct
Australia
99%
Bahamas
98%
Cambodia
98%
France
97%
Estonia
96%
Germany
96%
Italy
96%
Denmark
94%
Hungary
93%
New Zealand
92%
Japan
91%
Macedonia
91%
Kazakhstan
89%
Laos
89%
Poland
89%
Oman
87%
Qatar
85%
Serbia
85%
Russia
83%
United States
83%
Taiwan
82%
Vanuatu
77%
Yemen
74%
Zambia
74%
No matching quizzes found
Score Distribution
Percent of People with Each Score
Percentile by Number Answered
Your Score History
You have not taken this quiz